LEADER 02087nam a2200361 a 4500 001 000000130017 003 CaOOAMICUS 005 20120912122808.0 008 120912s2010 vc o u000 u ita r 020 $a978-88-210-0863-4 040 $aPUL$bita 041 1 $aita$aeng$heng 082 04$a779 100 1 $aVoltan, Anna Maria.$0(OLS)http://pul/name/83276 245 10$aCento immagini del XIX secolo :$bdalla raccolta fotografica della Biblioteca Apostolica Vaticana = one hundred images of the Nineteenth century from the photographic collection of the Vatican Apostolic Library /$cAnna Maria Voltan . 246 31$aOne hundred images of the Nineteenth century from the photographic collection of the Vatican Apostolic Library 260 $aCittą del Vaticano :$bBiblioteca Apostolica Vaticana,$c2010. 300 $a181 p. :$bfotog. ;$c35 cm 490 1 $aDocumenti e riproduzioni ;$v10 500 $aBibliografia p. 179-181. 500 $aTraduzione di Claudia Bistoletti. 610 24$aBiblioteca apostolica vaticana.$xImmagini fotografiche.$0(OLS)http://pul/subject/38891 700 1 $aBistoletti, Claudia.$0(OLS)http://pul/name/83198 830 0$aDocumenti e riproduzioni ;$v10.$0(OLS)http://pul/title/151969 850 $aPUL 852 $aPUL$W1$xSL Cons. Gen., Altre Classi 3$y75$m779 VOLAN 1$j150550$qDDC 21$B149107$CPULBib$Z2$F149107 $H120491 $82 941 1 $a9 996 $6020$a978-88-210-0863-4$9(OLS)http://pul/number/150464 996 $6082$a779$9(OLS)http://pul/classification/2352 996 $6245$aCento immagini del XIX secolo :$bdalla raccolta fotografica della Biblioteca Apostolica Vaticana = one hundred images of the Nineteenth century from the photographic collection of the Vatican Apostolic Library$9(OLS)http://pul/title/164354 996 $6246$aOne hundred images of the Nineteenth century from the photographic collection of the Vatican Apostolic Library$9(OLS)http://pul/title/164355 996 $6260$aCittą del Vaticano :$bBiblioteca Apostolica Vaticana$9(OLS)http://pul/publisher/48729 LEADER 01678nam a2200277 u 4500 001 000000028956 003 CaOOAMICUS 005 20070226111848.0 008 961202s1973 it bf u000 u ita u 035 $a10746948 040 $aEFR$bita$dPUL(R)$dISV 245 00$aAtlante e repertorio geografico. 246 38$aDizionario enciclopedico italiano.$pAtlante e repertorio geografico 260 $aRoma :$bIstituto della Enciclopedia Italiana fondata da Giovanni Treccani,$c1973. 300 $aviii, 444 p., 119 f. de pl. :$bcartes en coul. ;$c31 cm 500 $aSpine-title: Dizionario enciclopedico italiano. Atlante e repertorio geografico. 500 $a"Questa nuova opera cartografica tra origine dalla decisione dell'Istituto dell'Enciclopedia italiana di riunire in un atlante il corredo cartografico che nelle precedenti opere dell'Istituto (Enciclopedia italiana e Dizionario enciclopedico italiano) era costituito da carte intercalate nel testo, per illustrare le principali voci geografiche".--Pref. 650 4$aAtlanti.$0(OLS)http://pul/subject/16684 710 2 $aIstituto della Enciclopedia italiana.$0(OLS)http://pul/name/3725 850 $aPUL 852 $aPUL$W1$xSL Cons. Gen., Altre Classi 1$y1$m2010.$j401$nBK-PRI$b $qStampati$B40163$CPULBib$Z2$F40163 $H $81 941 1 $a8 961 $aINV: 39006 996 $6245$aAtlante e repertorio geografico$9(OLS)http://pul/title/39566 996 $6246$aDizionario enciclopedico italiano.$pAtlante e repertorio geografico$9(OLS)http://pul/title/39567 996 $6260$aRoma :$bIstituto della Enciclopedia Italiana fondata da Giovanni Treccani$9(OLS)http://pul/publisher/50662